<?xml version="1.0" encoding="UTF-8"?>
<record
    xmlns:xsi="http://www.w3.org/2001/XMLSchema-instance"
    xsi:schemaLocation="http://www.loc.gov/MARC21/slim http://www.loc.gov/standards/marcxml/schema/MARC21slim.xsd"
    xmlns="http://www.loc.gov/MARC21/slim">

  <leader>00730nam a22001817a 4500</leader>
  <controlfield tag="005">20250203115413.0</controlfield>
  <datafield tag="010" ind1=" " ind2=" ">
    <subfield code="a">HIN-129417</subfield>
  </datafield>
  <datafield tag="020" ind1=" " ind2=" ">
    <subfield code="a">9789392228520</subfield>
    <subfield code="c">275.00</subfield>
  </datafield>
  <datafield tag="035" ind1=" " ind2=" ">
    <subfield code="a">HN-101763</subfield>
  </datafield>
  <datafield tag="037" ind1=" " ind2=" ">
    <subfield code="b">DBAD </subfield>
  </datafield>
  <datafield tag="082" ind1=" " ind2=" ">
    <subfield code="a">&#x915;</subfield>
  </datafield>
  <datafield tag="100" ind1=" " ind2=" ">
    <subfield code="a">&#x909;&#x92A;&#x93E;&#x927;&#x94D;&#x92F;&#x93E;&#x92F;, &#x92E;&#x927;&#x941;&#x915;&#x930;</subfield>
    <subfield code="9">77323</subfield>
  </datafield>
  <datafield tag="245" ind1=" " ind2=" ">
    <subfield code="a">&#x92A;&#x902;&#x91A;&#x924;&#x902;&#x924;&#x94D;&#x930;:</subfield>
    <subfield code="b">&#x927;&#x928;, &#x92A;&#x94D;&#x930;&#x92C;&#x902;&#x927;&#x928;, &#x928;&#x940;&#x924;&#x93F;, &#x930;&#x923;&#x928;&#x940;&#x924;&#x93F;/</subfield>
    <subfield code="c">&#x92E;&#x927;&#x941;&#x915;&#x930; &#x909;&#x92A;&#x93E;&#x927;&#x94D;&#x92F;&#x93E;&#x92F;</subfield>
  </datafield>
  <datafield tag="260" ind1=" " ind2=" ">
    <subfield code="a">&#x928;&#x949;&#x90F;&#x921;&#x93E;</subfield>
    <subfield code="b">&#x938;&#x947;&#x924;&#x941; &#x92A;&#x94D;&#x930;&#x915;&#x93E;&#x936;&#x928; </subfield>
    <subfield code="c">2021</subfield>
  </datafield>
  <datafield tag="270" ind1=" " ind2=" ">
    <subfield code="a">&#x938;&#x940;-21, &#x938;&#x947;&#x915;&#x94D;&#x91F;&#x930;-65</subfield>
    <subfield code="b">&#x928;&#x949;&#x90F;&#x921;&#x93E;</subfield>
    <subfield code="e">201301</subfield>
    <subfield code="m">setuprakshan@gmail.com</subfield>
  </datafield>
  <datafield tag="300" ind1=" " ind2=" ">
    <subfield code="a">231 &#x92A;&#x943;.</subfield>
    <subfield code="c">20 &#x938;&#x947;&#x92E;&#x940; (&#x905;&#x91C;&#x93F;&#x932;&#x94D;&#x926;)</subfield>
  </datafield>
  <datafield tag="942" ind1=" " ind2=" ">
    <subfield code="c">HN</subfield>
    <subfield code="2">ddc</subfield>
    <subfield code="h">&#x915;</subfield>
    <subfield code="m">&#x909;&#x92A;&#x93E;&#x927;&#x94D;&#x92F;&#x93E;</subfield>
  </datafield>
  <datafield tag="999" ind1=" " ind2=" ">
    <subfield code="c">208921</subfield>
    <subfield code="d">208921</subfield>
  </datafield>
  <datafield tag="952" ind1=" " ind2=" ">
    <subfield code="0">0</subfield>
    <subfield code="1">0</subfield>
    <subfield code="4">0</subfield>
    <subfield code="7">0</subfield>
    <subfield code="8">FIC</subfield>
    <subfield code="a">VP</subfield>
    <subfield code="b">VP</subfield>
    <subfield code="d">2025-02-03</subfield>
    <subfield code="e">DBAD</subfield>
    <subfield code="g">275.00</subfield>
    <subfield code="l">0</subfield>
    <subfield code="o">&#x915; &#x909;&#x92A;&#x93E;&#x927;&#x94D;&#x92F;&#x93E;</subfield>
    <subfield code="p">HN-101763</subfield>
    <subfield code="r">2025-02-03 00:00:00</subfield>
    <subfield code="t">1</subfield>
    <subfield code="v">275.00</subfield>
    <subfield code="w">2025-02-03</subfield>
    <subfield code="y">HN</subfield>
  </datafield>
</record>
